Estadísticas para 225 Famosas Argentinas

Haz click aquí para intentar la prueba.

Estadísticas generales

  • Esta prueba ha sido intentada 332 veces
  • La puntuación promedio es 32 de 225

Estadísticas de respuestas

Respuesta% Correcto
Florencia de la V
88%
Lali
80%
Mirtha Legrand
80%
Moria Casan
78%
Susana Gimenez
78%
Tini
78%
Cristina Fernandez de Kirchner
77%
Maria Becerra
65%
Nicki Nicole
64%
Pampita
58%
Emilia Mernes
53%
Eva Perón
53%
Florencia Peña
53%
Maria Eugenia Suarez
53%
Cazzu
43%
Wanda Nara
42%
Luisana Lopilato
38%
Sol Perez
37%
Mercedes Sosa
36%
Zaira Nara
35%
Cristina Perez
34%
Graciela Alfano
33%
Laura Fernandez
33%
Carmen Barbieri
32%
Cris Morena
32%
Yanina Latorre
32%
Cinthia Fernandez
30%
Soledad Pastorutti
30%
Juana Viale
29%
Natalie Perez
29%
Patricia Sosa
29%
Romina Yan
29%
Karina "La Princesita"
27%
Angela Torres
26%
Antonela Roccuzzo
24%
Fabiana Cantilo
23%
Luli Fernandez
23%
Maria Eugenia Vidal
23%
Silvina Luna
23%
Florencia Vigna
22%
Nicole Neumann
22%
Veronica Lozano
22%
Celeste Cid
21%
Jimena Barón
21%
Nacha Guevara
21%
Oriana Sabatini
21%
Araceli Gonzalez
20%
Vicky Xipolitakis
20%
Luciana Salazar
19%
Mica Viciconte
18%
Paula Chaves
18%
Valeria Lynch
18%
Valeria Mazza
18%
Maju Lozano
17%
Mariana Genesio Peña
17%
Nancy Dupláa
17%
Soledad Silveyra
17%
Agustina Cherri
16%
Florencia Bertotti
16%
Gabriela Sabatini
16%
Nazarena Velez
16%
Tita Merello
16%
Andrea Rincón
15%
Barbie Velez
15%
Claudia Villafañe
15%
Griselda Siciliani
15%
Luciana Aymar
15%
Silvina Escudero
15%
Viviana Canosa
14%
Charlotte Caniggia
13%
Dalma Maradona
13%
Erica Rivas
13%
Lourdes Sanchez
13%
Marcela Tauro
13%
Mariana Fabbiani
13%
Mercedes Moran
13%
Noelia Pompa
13%
Vanesa Gonzalez
13%
Brenda Asnicar
12%
Candela Vetrano
12%
Carla Peterson
12%
Emilia Attias
12%
Gilda
12%
Gimena Accardi
12%
Gladys "La Bomba Tucumana"
12%
Guillermina Valdés
12%
Julieta Diaz
12%
Leticia Siciliani
12%
Marcela Kloosterboer
12%
Maria del Cerro
12%
Norma Aleandro
12%
Sofia Gala
12%
Andrea del Boca
11%
Georgina Barbarossa
11%
Geraldine Neumann
11%
Julieta Prandi
11%
Maria Laura Santillan
11%
Gabriela Michetti
10%
Gianina Maradona
10%
Marcela Feudale
10%
Maru Botana
10%
Rocio Guirao Díaz
10%
Andrea Taboada
9%
Delfina Chaves
9%
Gloria Carrá
9%
Isabel Macedo
9%
Isabel Sarli
9%
Silvia Suller
9%
Violeta Urtizberea
9%
Angela Leiva
8%
Carina Zampini
8%
Laura Esquivel
8%
Marcela Tinayre
8%
Maria Eugenia Ritó
8%
Mariana Nannis
8%
Monica Farro
8%
Morena Rial
8%
Paula Pareto
8%
Reina Reech
8%
Susana Roccasalvo
8%
Thelma Fardín
8%
Iliana Calabró
7%
Micaela Vazquez
7%
Pamela David
7%
Ximena Capristo
7%
Betiana Blum
6%
Calu Rivero
6%
Dalila
6%
Denise Dumas
6%
Dolores Fonzi
6%
Eugenia Tobal
6%
Graciela Borges
6%
Julia Calvo
6%
Julieta Nair Calvo
6%
Karina Jelinek
6%
Marina Calabró
6%
Mercedes Ninci
6%
Negra Vernaci
6%
Rocio Igarzabal
6%
Rocio Marengo
6%
Virginia Gallardo
6%
Virginia Lago
6%
Analia Franchin
5%
Andrea Frigerio
5%
Andrea Politti
5%
Beatriz Salomon
5%
Cecilia Roth
5%
Dani La Chepi
5%
Ernestina Pais
5%
Ingrid Grudke
5%
Justina Bustos
5%
Lucía Galan
5%
Marcela "La Tigresa" Acuña
5%
Marianela Mirra
5%
Narda Lepes
5%
Natacha Jaitt
5%
Paulina Cocina
5%
Rita Cortese
5%
Sabrina Rojas
5%
Sandra Mihanovich
5%
Sofia Pachano
5%
Alejandra Maglietti
4%
Belu Lucius
4%
Carolina Papaleo
4%
Claudia Fontan
4%
Daniela Cardone
4%
Edith Hermida
4%
Eleonora Wexler
4%
Ivana Nadal
4%
Leonor Benedetto
4%
Leticia Bredice
4%
Lissa Vera
4%
Mariana Brey
4%
Matilda Blanco
4%
Mercedes Funes
4%
Monica Antonopulos
4%
Nancy Pazos
4%
Noelia Marzol
4%
Paola Krum
4%
Romina Gaetani
4%
Sofia Zamolo
4%
Valeria Bertuccelli
4%
Zulma Faiad
4%
Brenda Gandini
3%
Cecilia Milone
3%
Dolli Irigoyen
3%
Flavia Palmiero
3%
Juariu
3%
Liz Solari
3%
Maria O'Donnell
3%
Máxima Zorreguieta
3%
Nora Carpena
3%
Adabel Guerrero
2%
Anabela Ascar
2%
Ana Rosenfeld
2%
Claribel Medina
2%
Delfina Gerez Bosco
2%
Elsa Serrano
2%
Jazmin Stuart
2%
Jimena Monteverde
2%
Julia Zenko
2%
Julieta Cardinali
2%
Julieta Zylberberg
2%
Laura Novoa
2%
Lia Crucet
2%
Majo Martino
2%
Maria Valenzuela
2%
Martha Fort
2%
Monica Ayos
2%
Pia Slapka
2%
Sabrina Garciarena
2%
Stefania Roitman
2%
Thelma Biral
2%
Alejandra Pavón
1%
Delfina Pignatiello
1%
Gabriela Toscano
1%
Inés Estevez
1%
Malena Guinzburg
1%
Melina Lezcano
1%
Miriam Lanzoni
1%
Paola Barrientos
1%
Paula Morales
1%
Virginia Inocentti
1%
Viviana Saccone
1%
Martina Gusmán
0%

Distribución de puntuación

Porcentaje por número respondido

Porcentaje de gente con cada puntuación

Historial de tus puntuaciones

No has intentado esta prueba.